000 00981nam a2200265Ia 4500
003 GCL
008 140319s9999 xx 000 0 ara d
020 _a9683299953
040 _aGCL /
_cGCL
082 0 4 _a320.9565
_bل و
100 1 _aعماد فوزى شعيبى
245 1 0 _aوراثة سوريا :
_bاختبار بشار بالنار /
_cعماد فوزى شعيبى
700 1 _aليفريت، فلاينت
250 _aالاولى
260 _aبيروت :
_bالدار العربية للعلوم ،
_c2005
300 _a413 ص ؛
_c24 سم
650 0 4 _aالمبادئ السياسية
650 0 4 _aالسلطة التنفيذية
650 0 4 _aمجلس الامن
650 0 4 _aسوريا - الاحوال السياسية
650 0 4 _aسوريا - تاريخ - العصر الحديث - بشار الاسد
650 0 4 _aمجلس الامن - القرار 1559
650 0 4 _aالطائف - الاتفاقيات الدولية
942 _2ddc
_cBK
999 _c7980
_d7980